| 000 | 00469nam a22001457a 4500 | ||
|---|---|---|---|
| 003 | 0 | ||
| 005 | 20230221095222.0 | ||
| 008 | 230201b xxu||||| |||| 00| 0 eng d | ||
| 050 |
_aT58.6 .R36 _b2019 |
||
| 245 |
_aEspiritu's dental clinic scheduling and information system _cRamos, William Lowell E. |
||
| 260 |
_aLas Pinas City _bSoithville International School & Colleges _cC2019 |
||
| 300 |
_ax,119pp. _c28cm. _fTheses |
||
| 500 | _aClinic scheduling. | ||
| 942 |
_2lcc _cTH |
||
| 999 |
_c364914 _d364914 |
||